00441pab a2200169 454500008004000000100002000040245006000060260000900120300001500129362000900144650001600153650001000169650001300179650002000192700002600212773003300238180718b2013 xxu||||| |||| 00| 0 eng d aSharma, Rachana aThe role of children and adolescents in buying decision c2013 ap.111-129. aSept aConsumption aYouth aChildren aDecision making aSharma, Ranjeet Kumar aIndian Social Science Review